LEADER 05408 am 2201009 n 450 001 9910552972203321 005 20211104 010 $a979-1-03-200371-8 024 7 $a10.4000/books.pup.55940 035 $a(CKB)4100000012773921 035 $a(FrMaCLE)OB-pup-55940 035 $a(oapen)https://directory.doabooks.org/handle/20.500.12854/86417 035 $a(PPN)261978098 035 $a(EXLCZ)994100000012773921 100 $a20220325j|||||||| ||| 0 101 0 $afre 135 $auu||||||m|||| 181 $ctxt$2rdacontent 182 $cc$2rdamedia 183 $acr$2rdacarrier 200 14$aLes Bagnoles à L?Isle-sur-la-Sorgue $eUn site majeur du Néolithique moyen en Vaucluse /$fSamuel van Willigen, Maxence Bailly, Brigitte Röder, Jörg Schibler, Aurore Schmitt 210 $aAix-en-Provence, France $cPresses universitaires de Provence$d2021 215 $a1 online resource (432 p.) 225 1 $aPréhistoires de la Méditerranée 311 $a979-1-03-200260-5 330 $aLe site archéologique des Bagnoles est localisé sur le territoire de la commune de l?Isle-sur-la-Sorgue (84). Il a été découvert en 2006, suite à la réalisation d?un diagnostic archéologique, puis fouillé entre 2012 et 2015 sur une superficie de 1,5 ha dans le cadre d?un projet de fouilles programmées conduit par les universités de Bâle et d?Aix-Marseille et soutenu par le Service régional de l?Archéologie de PACA. Les principales phases d?occupation des lieux sont datées du Néolithique moyen. Selon les données issues de la sédimentologie et de la carpologie, ces occupations s?insèrent dans un milieu naturel de plaine alluviale active. Les résultats les plus remarquables sont liés à la découverte de plusieurs sépultures à crémation datées de la fin du Ve millénaire avant notre ère, localisées au sein d?un possible espace mortuaire dédié aux funérailles et à des cérémonies commémoratives, et de trois puits à eau néolithiques qui, fait exceptionnel, renfermaient encore de nombreux restes organiques conservés en milieu humide. Remis dans leur contexte régional, ces vestiges ainsi que l?abondant mobilier mis au jour sur le site permettent d?élargir considérablement notre connaissance des communautés d?agriculteurs-éleveurs du Néolithique méditerranéen et des milieux dans lesquels elles évoluent. The archaeological site of Les Bagnoles is located in the territory of the town of L?Isle-sur-la-Sorgue (84). It was discovered in 2006, following an archaeological diagnostic, and then excavated between 2012 and 2015 on an area of 1.5 ha as part of a planned excavation project conducted by the universities of Basel and Aix-Marseille and supported by the PACA regional Archaeology Service. The main phases of occupation of the site are dated to the Middle Neolithic period. According to sedimentology and carpology data, these occupations are part of an natural environment of active alluvial plains. The most remarkable results are linked to the discovery of several cremation? 606 $aArchaeology 606 $aProvence 606 $aVaucluse 606 $aanthropologie 606 $aarchitecture 606 $aanthropology 610 $aanthropology 610 $aarchitecture 610 $aProvence 610 $aVaucluse 615 4$aArchaeology 615 4$aProvence 615 4$aVaucluse 615 4$aanthropologie 615 4$aarchitecture 615 4$aanthropology 700 $aAndré$b Guy$01306827 701 $aAntolín$b Ferran$01326181 701 $aBader$b Martin$0235781 701 $aBailly$b Maxence$01291395 701 $aBrochier$b Jacques Élie$01312359 701 $aBrochier$b Jacques Élie$01326182 701 $aDelefosse$b Charlène$01326183 701 $aDelestre$b Xavier$01243420 701 $aDenaire$b Anthony$01326184 701 $aD?Anna$b André$0422745 701 $aErrera$b Michel$01322763 701 $aFollmann$b Franziska$01326185 701 $aGuendon$b Jean-Louis$01301600 701 $aGuyonnet$b François$01291425 701 $aHélard$b Boris$01326186 701 $aJacomet$b Stéfanie$0736156 701 $aJesus$b Ana$01326187 701 $aKühn$b Marla$01326188 701 $aKühn$b Marlu$01326189 701 $aLachenal$b Thibault$01294592 701 $aMartínez-Grau$b Héctor$01326190 701 $aPétrequin$b Pierre$0459512 701 $aQuesnel$b Yoann$01326191 701 $aReggio$b Adrien$01326192 701 $aRentzel$b Philippe$01292460 701 $aRöder$b Brigitte$01326193 701 $aSchäfer$b Marguerita$01326194 701 $aSchibler$b Jörg$01326195 701 $aSchmitt$b Aurore$01291413 701 $aSchoch$b Werner H$01326196 701 $aSchoch$b Werner H$01306861 701 $aSerieys$b Maeva$01311455 701 $avan Willigen$b Samuel$01326197 701 $avan Willigen$b Samuel$01326198 701 $aViel$b Laurine$01326199 701 $avan Willigen$b Samuel$01326197 701 $aBailly$b Maxence$01291395 701 $aRöder$b Brigitte$01326193 701 $aSchibler$b Jörg$01326195 701 $aSchmitt$b Aurore$01291413 801 0$bFR-FrMaCLE 906 $aBOOK 912 $a9910552972203321 996 $aLes Bagnoles à L?Isle-sur-la-Sorgue$93037150 997 $aUNINA LEADER 06193nam 22006135 450 001 9910484195303321 005 20200712194303.0 010 $a3-658-10780-4 024 7 $a10.1007/978-3-658-10780-2 035 $a(CKB)3710000000454257 035 $a(EBL)3567970 035 $a(SSID)ssj0001534610 035 $a(PQKBManifestationID)11892912 035 $a(PQKBTitleCode)TC0001534610 035 $a(PQKBWorkID)11494628 035 $a(PQKB)11267561 035 $a(DE-He213)978-3-658-10780-2 035 $a(MiAaPQ)EBC3567970 035 $a(PPN)187685916 035 $a(EXLCZ)993710000000454257 100 $a20150730d2016 u| 0 101 0 $ager 135 $aur|n|---||||| 181 $ctxt 182 $cc 183 $acr 200 10$aAußenpolitik als Kultur $eDiskurse und Praktiken der Europäischen Sicherheits- und Verteidigungspolitik /$fvon Gabi Schlag 205 $a1st ed. 2016. 210 1$aWiesbaden :$cSpringer Fachmedien Wiesbaden :$cImprint: Springer VS,$d2016. 215 $a1 online resource (225 p.) 225 0 $aResearch 300 $aDescription based upon print version of record. 311 $a3-658-10779-0 320 $aIncludes bibliographical references. 327 $aDanksagung; Inhaltsverzeichnis; Abbildungsverzeichnis; 1 Die Erfindung der EU als globaler Sicherheitsakteur; 1.1 Friedensmacht Europa? Die Debatte u?ber die außenpolitische Identita?t der EU; 1.2 Was bedeutet Außenpolitik?; 1.2.1 Außenpolitik, Diplomatie und internationale Politik; 1.2.2 Außenpolitik als Politik; 1.2.3 Außenpolitik und Staatlichkeit; 1.2.4 Außenpolitik als Identita?tspolitik; 1.3 Außenpolitik und EUropa; 1.4 Aufbau der Arbeit; 2 Außenpolitik als Kultur - Entwurf eines kulturwissenschaftlichen Forschungsprogrammes in den Internationalen Beziehungen; 2.1 Einleitung 327 $a3.1 Einleitung3.2 Qualitative und Interpretative Sozialforschung; 3.3 Diskurs- und Praxisanalyse als gegenstandsbezogene Aktualisierung einer rekonstruktiven Forschungslogik; 3.4 Die Praxis der Rekonstruktion von Diskursen und Praktiken; 3.4.1 Historisierung des Gegenstandes; 3.4.2 Hermeneutische Rekonstruktion; 3.4.3 Gegenstandsbezogene Theoretisierung; 3.5 Zusammenfassung und Ausblick; 4 EUropa?ische Sicherheits- und Verteidigungspolitik - Eine Gegenstandsverortung; 4.1 Einleitung; 4.2 EUropa?ische Außenpolitik im Blick der Historikerin 327 $a4.3 EUropa?ische Außenpolitik im Blick der Politikwissenschaftlerin4.4 Die Europa?ische Verteidigungsgemeinschaft und die Europa?ische Sicherheits- und Verteidigungspolitik als Untersuchungsgegensta?nde; 4.4.1 Die EVG: ein historisches Relikt; 4.4.2 Die ESVP: zwischen Pra?ferenzbildung und Europa?isierung; 4.5 Die EU als globaler Akteur; 4.6 Zusammenfassung; 5 Die politische Integration Europas zwischen Friedenssicherung und Verteidigungsfa?higkeit - Eine Rekonstruktion der Europa?ischen Verteidigungsgemeinschaft (1950-1954); 5.1 Einleitung; 5.2 Die EVG-Diskussion 327 $a5.2.1 Die US-amerikanische Positionierung5.2.2 Die franzo?sische Positionierung; 5.2.3 Die westdeutsche Positionierung; 5.3 Das Ende der EVG und die NATO-Mitgliedschaft Westdeutschlands; 5.4 Die Mobilisierung von Diskursen ...; 5.4.1 Frieden durch supranationale Integration; 5.4.2 Verteidigungsfa?higkeit Westeuropas; 5.4.3 Souvera?nita?t und Integration; 5.4.4 Europa?ische und transatlantische Sicherheitspolitik; 5.4.5 Deutschland in Europa; 5.5 ... und deren praktischer Vollzug; 5.5.1 Initiieren; 5.5.2 Verhandeln; 5.5.3 Informieren, berichten und konsultieren; 5.5.4 Vertra?ge schließen 327 $a5.6 Die Kultur der EVG: Diskursordnung(en) und Handlungsrepertoire(s) 330 $aGabi Schlag zeigt anhand einer interpretativen Rekonstruktion der intergouvernementalen Verhandlungen zur Europäischen Verteidigungsgemeinschaft (EVG) zwischen 1950?1954 und der Europäischen Sicherheits- und Verteidigungspolitik (ESVP) zwischen 1998-2001, wie Europa und die EU als globaler Sicherheitsakteur konstituiert werden. Die Autorin kommt zu dem Ergebnis, dass sich die Sinnstiftung der EVG Anfang der 1950er Jahre auf einer transatlantischen Diskurs- und Praxisgemeinschaft gründet während sich die Diskurse und Praktiken zur Ausgestaltung der ESVP seit 1998 von diesem Verständnis lösen. In Anlehnung an diskurs- und praxistheoretische Ansätze in den Internationalen Beziehungen versteht die Autorin Außenpolitik als eine kulturelle Praxis, die kollektive Akteure durch die Mobilisierung symbolischer Ordnungen und deren praktischen Vollzug stets aufs Neue erfindet. Gerade ein kulturwissenschaftlicher Ansatz ist somit hilfreich, um den kontinuierlichen Gestaltwandel europäischer Außenpolitik zu analysieren.  Der Inhalt   Diplomatie und internationale Politik Interpretative Sozialforschung Europäische und transatlantische Sicherheitspolitik EU als globaler Sicherheitsakteur Internationalisierung der EU Interpretative Sozialforschung Europäische und transatlantische Sicherheitspolitik EU als globaler Sicherheitsakteur Internationalisierung der EU Interpretative Sozialforschung Europäische und transatlantische Sicherheitspolitik EU als globaler Sicherheitsakteur Internationalisierung der EU  Die Zielgruppen Dozierende und Studierende der Politikwissenschaft, Soziologie, Geschichtswissenschaft Praktiker aus dem Bereich der Diplomaten  Die Autorin Dr. Gabi Schlag ist wissenschaftliche Mitarbeiterin am Institut für Politikwissenschaft der Otto-von-Guericke Universität Magdeburg. 606 $aInternational relations 606 $aSociology 606 $aInternational Relations$3https://scigraph.springernature.com/ontologies/product-market-codes/912000 606 $aSociological Theory$3https://scigraph.springernature.com/ontologies/product-market-codes/X22060 615 0$aInternational relations. 615 0$aSociology. 615 14$aInternational Relations. 615 24$aSociological Theory. 676 $a320 700 $aSchlag$b Gabi$4aut$4http://id.loc.gov/vocabulary/relators/aut$01229371 906 $aBOOK 912 $a9910484195303321 996 $aAußenpolitik als Kultur$92853574 997 $aUNINA